000 00309nam a2200133Ia 4500
008 150201s2009 xx 000 0 und d
082 _a617.96
_bC09T
100 _aTEMPE,DEEPAK K
245 _aCARDIAC ANAESTHESIA
250 _a2ND
260 _bCBS
_aDELHI
_c2009
650 _aANAESTHESIOLOGY
942 _2ddc
_cBK
999 _c961
_d961